The Bretton Woods System as the Cornerstone of the United States’ Hegemony

Dohoda z Bretton Woods bola najdôležitejším míľnikom vo vývoji finančného systému, ktorá charakterizovala nový svetový poriadok po druhej svetovej vojne. Uprostred prebiehajúcej vojny 1. júla 1944 sa stretlo 730 zástupcov zo 44 spojeneckých krajín v Bretton Woods, aby položili základy nového medziná...

Descrizione completa

Salvato in:
Dettagli Bibliografici
Autore principale: Solti, Ágnes
Natura: Capitolo di libro
Lingua:inglese
Soggetti:
Tags: Aggiungi Tag
Nessun Tag, puoi essere il primo ad aggiungerne!!

MARC

LEADER 00000naa a2200000 4500
001 0303648
005 20240815111829.7
041 0 |a eng 
044 |a HU 
245 1 0 |a The Bretton Woods System as the Cornerstone of the United States’ Hegemony  |c Ágnes Solti 
520 |a Dohoda z Bretton Woods bola najdôležitejším míľnikom vo vývoji finančného systému, ktorá charakterizovala nový svetový poriadok po druhej svetovej vojne. Uprostred prebiehajúcej vojny 1. júla 1944 sa stretlo 730 zástupcov zo 44 spojeneckých krajín v Bretton Woods, aby položili základy nového medzinárodného menového režimu po skončení globálneho konfliktu. Tiež to znamenalo výrazné posilnenie Spojených štátov amerických a konsolidáciu ekonomických základov Pax Americana. Formovanie záujmov USA, detaily diskusie Keynes-White a dlhodobé účinky brettonwoodského systému. 
610 2 0 |a systém menový medzinárodný 
610 2 0 |a politika menová 
610 2 0 |a dohody Bretton-Woodske 
610 2 0 |a ekonomika 
610 2 0 |a kríza hospodárska 
610 2 0 |a vojny 
610 2 0 |a história 
610 2 0 |a USA 
100 1 |a Solti, Ágnes